| 000 | 00654cam a22002411 4500 | ||
|---|---|---|---|
| 001 | sa 64006025 | ||
| 003 | DLC | ||
| 005 | 20260227112037.0 | ||
| 008 | 900208s1962 ii 000 0 hino | ||
| 010 | _asa 64006025 | ||
| 035 | _a(OCoLC)21021781 | ||
| 040 |
_aDLC _cWaU _dDLC |
||
| 042 | _apremarc | ||
| 050 | 0 | 0 |
_aPK2033 _b.A4 |
| 100 | 1 | _aAgravāla, Purushottamadāsa. | |
| 245 | 1 | 0 | _aSāhityika nibandha. |
| 260 | _c[1962] | ||
| 300 |
_a3, 191 p. _c22 cm. |
||
| 500 | _aIn Hindi. | ||
| 500 | _aVerso of t.p. lists Vyāsa Nārāyaṇa Bhaṭṭa as joint author. | ||
| 650 | 0 | _aHindi literature. | |
| 700 | 1 | _aBhaṭṭa, Vyāsa Nārāyaṇa. | |
| 999 |
_c59480 _d59480 |
||